Matematicas 1: C lculo diferencial / Dennis G. Zill (Registro nro. 28467)

Detalles MARC
000 -LÍDER
fixed length control field 00419nam a2200145 4500
020 ## - NÚMERO INTERNACIONAL NORMALIZADO PARA LIBROS
ISBN 978-607-15-1273-4
050 ## - SIGNATURA TOPOGRAFICA DE LA BIBLIOTECA DEL CONGRESO (LC)
Número de Clasificación QA305 Z518 2015
082 ## - NUMERO DE CLASIFICACION DECIMAL DEWEY
Número de Clasificación 515.33 Z372mcd 2015
100 ## - ASIENTO PRINCIPAL--NOMBRE PERSONAL
Nombre personal Zill, Dennis G.
245 ## - TÍTULO
Título Matematicas 1: C lculo diferencial / Dennis G. Zill
250 ## - MENCIÓN DE EDICIÓN
Mención de edición 2
260 ## - PUBLICACIÓN, DISTRIBUCIÓN, ETC. (PIE DE IMPRENTA)
Lugar de publicación, distribución, etc. México : McGraw Hill
300 ## - DESCRIPCIÓN FÍSICA
Extensión xvii, 280p. Pag. varias, il. / 28cm.
650 ## - ASIENTO SECUNDARIO DE MATERIA - TERMINO TEMÁTICO
Término temático o nombre geográfico como elemento de entrada 1. CALCULO \ 2. CALCULO DIFERENCIAL
Existencias
No. biblioteca No. biblioteca Número de clasificación Código de barras/Número de adquisición Número de copia Tipo de material
ÁREA DE BÁSICAS LUIS G. INCLAN 515.33 Z372mcd 2015 53163 5 Libros
ÁREA DE BÁSICAS LUIS G. INCLAN 515.33 Z372mcd 2015 53165 7 Libros
ÁREA DE BÁSICAS LUIS G. INCLAN 515.33 Z372mcd 2015 53171 13 Libros
ÁREA DE BÁSICAS LUIS G. INCLAN 515.33 Z372mcd 2015 53174 16 Libros
ÁREA DE BÁSICAS LUIS G. INCLAN 515.33 Z372mcd 2015 53176 18 Libros
ÁREA DE BÁSICAS LUIS G. INCLAN 515.33 Z372mcd 2015 53177 19 Libros
ÁREA DE BÁSICAS LUIS G. INCLAN 515.33 Z372mcd 2015 53178 20 Libros
ÁREA DE BÁSICAS ÁREA DE BÁSICAS 515.33 Z372mcd 2015 53159 1 Libros
ÁREA DE BÁSICAS ÁREA DE BÁSICAS 515.33 Z372mcd 2015 53160 2 Libros
ÁREA DE BÁSICAS ÁREA DE BÁSICAS 515.33 Z372mcd 2015 53161 3 Libros
ÁREA DE BÁSICAS ÁREA DE BÁSICAS 515.33 Z372mcd 2015 53162 4 Libros
ÁREA DE BÁSICAS ÁREA DE BÁSICAS 515.33 Z372mcd 2015 53164 6 Libros
ÁREA DE BÁSICAS ÁREA DE BÁSICAS 515.33 Z372mcd 2015 53166 8 Libros
ÁREA DE BÁSICAS ÁREA DE BÁSICAS 515.33 Z372mcd 2015 53167 9 Libros
ÁREA DE BÁSICAS ÁREA DE BÁSICAS 515.33 Z372mcd 2015 53168 10 Libros
ÁREA DE BÁSICAS ÁREA DE BÁSICAS 515.33 Z372mcd 2015 53169 11 Libros
ÁREA DE BÁSICAS ÁREA DE BÁSICAS 515.33 Z372mcd 2015 53170 12 Libros
ÁREA DE BÁSICAS ÁREA DE BÁSICAS 515.33 Z372mcd 2015 53172 14 Libros
ÁREA DE BÁSICAS ÁREA DE BÁSICAS 515.33 Z372mcd 2015 53173 15 Libros
ÁREA DE BÁSICAS ÁREA DE BÁSICAS 515.33 Z372mcd 2015 53175 17 Libros
Calzada Tecnológico # 27, Zacatepec, Morelos.
01(734) 343-07-23 / 343-21-10 / 343-21-11
Apdo. Postal 45 C.P 62780